000 00185 a2200097 4500
020 _a1572576006
041 _aspa
100 _aKing, Susan
245 _aMi abuelito roncaba
942 _cBK
999 _c31947
_d31945